Sports Quiz

Random Sports Quiz

Horizon League Teams Quiz Stats

Quiz not verified by Sporcle

Challenge
Share
Tweet
Score 0/9 Timer 03:00
0 Plays Today
% Correct
Green Bay
94.4%
Oakland
91.7%
Cleveland State
88.9%
Milwaukee
88.9%
Detroit Mercy
86.1%
Illinois-Chicago
75%
Wright State
72.2%
Valparaiso
72.2%
Youngstown State
61.1%

You're not logged in!

Compare scores with friends on all Sporcle quizzes.
Sign Up with Email
OR
Log In

You Might Also Like...

Show Comments

Extras

Top Quizzes Today


Score Distribution

Your Account Isn't Verified!

In order to create a playlist on Sporcle, you need to verify the email address you used during registration. Go to your Sporcle Settings to finish the process.